भारत का राष्ट्रीय असंदोलन (Record no. 1015026)
[ view plain ]
| 000 -LEADER | |
|---|---|
| fixed length control field | 01232nam a2200277Ia 4500 |
| 003 - CONTROL NUMBER IDENTIFIER | |
| control field | OSt |
| 005 - DATE AND TIME OF LATEST TRANSACTION | |
| control field | 20221005105200.0 |
| 008 - FIXED-LENGTH DATA ELEMENTS--GENERAL INFORMATION | |
| fixed length control field | 221004b |||||||| |||| 00| 0 hin d |
| 020 ## - INTERNATIONAL STANDARD BOOK NUMBER | |
| International Standard Book Number | 9788179754405 (hbk) |
| 037 ## - SOURCE OF ACQUISITION | |
| Terms of availability | Textual |
| 040 ## - CATALOGING SOURCE | |
| Original cataloging agency | CRL |
| Transcribing agency | CRL |
| Language of cataloging | hin |
| 041 ## - LANGUAGE CODE | |
| Source of code | hin |
| Language code of text/sound track or separate title | hin |
| 100 ## - MAIN ENTRY--PERSONAL NAME | |
| Personal name | बिपन चंद |
| 245 #0 - TITLE STATEMENT | |
| Title | भारत का राष्ट्रीय असंदोलन |
| Remainder of title | दीर्घकालिक गतिशीलता |
| 246 ## - VARYING FORM OF TITLE | |
| Title proper/short title | Bhārat kā rāṣhṭrīya asandolana: dīrghakālik gatishīlatā |
| 260 ## - PUBLICATION, DISTRIBUTION, ETC. | |
| Place of publication, distribution, etc. | नई दिल्ली |
| Name of publisher, distributor, etc. | अनामिका पब्लिशर्स भारत |
| Date of publication, distribution, etc. | 2009 |
| 300 ## - PHYSICAL DESCRIPTION | |
| Extent | 111पृ0 |
| Dimensions | cm. |
| 650 ## - SUBJECT ADDED ENTRY--TOPICAL TERM | |
| Topical term or geographic name entry element | विश्व-इतिहास |
| 700 ## - ADDED ENTRY--PERSONAL NAME | |
| Personal name | खान, एन. ए. ‘शाहिद’, अनु. |
| 9 (RLIN) | 623746 |
| 942 ## - ADDED ENTRY ELEMENTS (KOHA) | |
| Classification part | V2:51.N5, 152P9 |
| Koha item type | Textual |
| Source of classification or shelving scheme | |
| Withdrawn status | Lost status | Damaged status | Not for loan | Home library | Current library | Date acquired | Source of acquisition | Cost, normal purchase price | Total Checkouts | Full call number | Barcode | Date last seen | Cost, replacement price | Price effective from | Koha item type |
|---|---|---|---|---|---|---|---|---|---|---|---|---|---|---|---|
| Central Library | Central Library | 2022-10-05 | IN1037, 17/03/2011, Anamika Publishers & Distributors Pvt. Ltd. | 200.00 | V2:51.N5 152P9 | CL1430659 | 2022-10-05 | 200.00 | 2022-10-05 | Textual |
